000 00542nam a22001817a 4500
005 20251108164912.0
008 250721s1986 xx 000 0 ara d
082 1 4 _a962.03/رضو
100 1 _aرضوان، فتحي
245 1 0 _a72 شهراً مع عبد الناصر /
250 _aط2.
264 1 _aالقاهرة :
_bدار الحرية للصحافة و الطباعة و النشر،
_c1986.
300 _a211ص
650 1 7 _aتاريخ مصر
650 1 7 _aالتاريخ السياسي
942 _2ddc
_cBK
999 _c17073
_d17073